[Event "7. Lovfalds EMT Mesterklassen 1993"]
[Site "Ringsted"]
[Date "1993.08.27"]
[Round "1"]
[White "Nielsen, Max"]
[Black "Hansen, Hans Henrik"]
[Result "0-1"]
[WhiteElo "2145"]
[BlackElo "2104"]
[PlyCount "86"]
[EventDate "1993.??.??"]

1. e4 e5 2. f4 exf4 3. Nf3 d6 4. Bc4 h6 5. d3 g5 6. g3 Bg7 7. gxf4 g4 8. Ng1
Qh4+ 9. Kf1 Ne7 10. c3 Qh5 11. Be3 b5 12. Bb3 f5 13. Nd2 Rf8 14. Qe2 fxe4 15.
dxe4 Nbc6 16. Ke1 a5 17. a3 Bd7 18. Kd1 Rb8 19. Kc2 b4 20. h3 bxc3 21. bxc3 a4
22. Ba2 Qa5 23. Qd3 Qh5 24. Ne2 gxh3 25. Rag1 Bh8 26. Ng3 Qb5 27. Qxb5 Rxb5 28.
f5 d5 29. Bxh6 Rg8 30. exd5 Nxd5 31. Re1+ Kd8 32. Rxh3 Bxc3 33. Bxd5 Bxd2 34.
Bxg8 Bxe1 35. Bg5+ Kc8 36. Bc4 Rc5 37. Rh8+ Kb7 38. Kd3 Bxg3 39. Be3 Rxf5 40.
Ke4 Rf6 41. Rh5 Bd6 42. Bb5 Re6+ 43. Kf3 Re5 0-1

[Event "7. Lovfalds EMT Mesterklassen 1993"]
[Site "Ringsted"]
[Date "1993.08.27"]
[Round "1"]
[White "Jensen, Leif"]
[Black "Larsen, Soren Dyberg"]
[Result "1-0"]
[WhiteElo "2061"]
[BlackElo "1921"]
[PlyCount "71"]
[EventDate "1993.??.??"]

1. e4 e6 2. d4 d5 3. Nd2 Nf6 4. e5 Nfd7 5. c3 c5 6. f4 Nc6 7. Ndf3 Be7 8. g3
O-O 9. Bg2 cxd4 10. cxd4 b6 11. Ne2 a5 12. O-O Ba6 13. Bd2 Rc8 14. a3 f5 15.
Re1 h6 16. Rc1 b5 17. h3 Nb6 18. g4 Nc4 19. Rb1 Qb6 20. Kh2 b4 21. axb4 Nxb4
22. Ng3 fxg4 23. hxg4 Nd3 24. Rg1 Nxd2 25. Qxd2 Nxf4 26. Nh5 Nxg2 27. Qxg2 Qb3
28. Nd2 Qe3 29. Rbe1 Qxd4 30. Nf3 Qd3 31. g5 Rc2 32. Nf6+ Bxf6 33. gxf6 Rxg2+
34. Rxg2 g6 35. Nh4 g5 36. Reg1 1-0

[Event "7. Lovfalds EMT Mesterklassen 1993"]
[Site "Ringsted"]
[Date "1993.08.27"]
[Round "1"]
[White "Knudsen, Ole"]
[Black "Lynge, Michael"]
[Result "0-1"]
[WhiteElo "1969"]
[BlackElo "2093"]
[PlyCount "40"]
[EventDate "1993.??.??"]

1. e4 e6 2. d4 d5 3. e5 c5 4. c3 Nc6 5. Nf3 Bd7 6. a3 c4 7. Nbd2 f6 8. exf6
gxf6 9. Nh4 Qe7 10. Be2 O-O-O 11. O-O Qg7 12. b3 cxb3 13. Nxb3 Bd6 14. c4 Nge7
15. c5 Bc7 16. a4 Rdg8 17. g3 Ng6 18. Ng2 h5 19. Bxh5 Qh7 20. g4 Nh4 0-1

[Event "7. Lovfalds EMT Mesterklassen 1993"]
[Site "Ringsted"]
[Date "1993.08.27"]
[Round "1"]
[White "Rasmussen, Per Arnt"]
[Black "Buhl, Poul"]
[Result "1/2-1/2"]
[WhiteElo "2022"]
[BlackElo "2043"]
[PlyCount "81"]
[EventDate "1993.??.??"]

1. e4 c5 2. Nc3 Nc6 3. g3 Nf6 4. Bg2 g6 5. d3 Bg7 6. Be3 d6 7. h3 Rb8 8. Qd2
O-O 9. Nf3 b5 10. a3 Qc7 11. O-O e6 12. Rab1 a5 13. a4 b4 14. Nb5 Qe7 15. Bg5
e5 16. c4 Na7 17. Nxa7 Qxa7 18. b3 Ne8 19. g4 f6 20. Be3 Qf7 21. Nh4 g5 22. Nf5
h6 23. Bf3 Rb6 24. Kh2 Be6 25. Rg1 Qd7 26. Rg2 Nc7 27. Rh1 Bxf5 28. gxf5 Kf7
29. h4 Ke8 30. Bh5+ Kd8 31. Rhg1 Kc8 32. f4 exf4 33. Bxf4 Rb8 34. Bg3 Kb7 35.
Bf3 Kb6 36. Rh1 Rbe8 37. Kg1 Qe7 38. Qf2 Rh8 39. Rhh2 Rd8 40. Rh1 Na6 41. d4
1/2-1/2

[Event "7. Lovfalds EMT Mesterklassen 1993"]
[Site "Ringsted"]
[Date "1993.08.27"]
[Round "1"]
[White "Carstensen, Jacob"]
[Black "Madsen, Hans Henrik"]
[Result "1-0"]
[WhiteElo "1949"]
[BlackElo "2107"]
[PlyCount "119"]
[EventDate "1993.??.??"]

1. e4 c6 2. d4 Na6 3. Nf3 Nc7 4. Bd3 d5 5. exd5 cxd5 6. O-O Bg4 7. c3 Nf6 8.
Qa4+ Qd7 9. Qxd7+ Nxd7 10. Nbd2 e6 11. Re1 Bd6 12. Ne5 Nxe5 13. dxe5 Be7 14.
Nb3 Bh5 15. Be3 Bg6 16. Rad1 Bxd3 17. Rxd3 Na6 18. f4 b6 19. Nd4 Nc5 20. Rdd1
g6 21. Rf1 h5 22. Rf3 Rc8 23. Ne2 Ne4 24. Ng3 Nxg3 25. Rxg3 Rc4 26. Bd4 Ra4 27.
Ra1 Bc5 28. Rd3 Bxd4+ 29. Rxd4 Rxd4 30. cxd4 Kd7 31. Rc1 a5 32. Kf2 a4 33. Ke3
h4 34. Kf3 Ra8 35. Kg4 Ra5 36. Kf3 Rb5 37. Rc2 Rb4 38. Ke3 b5 39. Kd3 Rc4 40.
b3 axb3 41. axb3 Rxc2 42. Kxc2 b4 43. Kd3 Ke7 44. Ke3 f6 45. exf6+ Kxf6 46. Kf3
Kf5 47. g3 hxg3 48. hxg3 Kf6 49. Kg4 Ke7 50. Kg5 Kf7 51. g4 Kg7 52. f5 gxf5 53.
gxf5 Kf7 54. fxe6+ Kxe6 55. Kg6 Kd7 56. Kf7 Kd6 57. Kf6 Kd7 58. Ke5 Kc7 59.
Kxd5 Kd7 60. Kc5 1-0

[Event "7. Lovfalds EMT Mesterklassen 1993"]
[Site "Ringsted"]
[Date "1993.08.27"]
[Round "1"]
[White "Ostergaard, Rasmus"]
[Black "Arnkilde, Anders"]
[Result "1-0"]
[WhiteElo "1912"]
[BlackElo "1992"]
[PlyCount "95"]
[EventDate "1993.??.??"]

1. e4 c5 2. Nf3 Nc6 3. d4 cxd4 4. Nxd4 e5 5. Nb5 a6 6. Nd6+ Bxd6 7. Qxd6 Qf6 8.
Qd1 Qg6 9. Nc3 d5 10. exd5 Nb4 11. Bd3 Bf5 12. O-O Nxd3 13. cxd3 Nf6 14. Re1
O-O 15. Rxe5 Ng4 16. Re1 Bxd3 17. Bf4 Rad8 18. Qf3 Nf6 19. Rad1 Bf5 20. h3 b5
21. Be5 b4 22. Bxf6 Qxf6 23. Ne4 Qg6 24. Ng3 Bc2 25. Rd2 Rd6 26. Ne4 Bxe4 27.
Qxe4 a5 28. Qxg6 hxg6 29. Rc1 f5 30. Rc5 Ra8 31. f3 Kf7 32. Kf2 Kf6 33. Ke3 Ke5
34. f4+ Kf6 35. Kd4 Raa6 36. Rdc2 Ra7 37. Rc6 Ke7 38. Kc5 Rdd7 39. d6+ Kf7 40.
Kd5 Ra8 41. Rc7 Ke8 42. Rxd7 Kxd7 43. Rc7+ Kd8 44. Rxg7 Ra6 45. Ke6 Kc8 46.
Rg8+ Kb7 47. Ke7 Kc6 48. Rxg6 1-0

[Event "7. Lovfalds EMT Mesterklassen 1993"]
[Site "Ringsted"]
[Date "1993.09.03"]
[Round "2"]
[White "Hansen, Hans Henrik"]
[Black "Jensen, Leif"]
[Result "1/2-1/2"]
[WhiteElo "2104"]
[BlackElo "2061"]
[PlyCount "83"]
[EventDate "1993.??.??"]

1. e4 e6 2. d4 d5 3. Nc3 dxe4 4. Nxe4 Bd7 5. Nf3 Bc6 6. Bd3 Bxe4 7. Bxe4 c6 8.
O-O Nf6 9. Bd3 Bd6 10. Re1 Nbd7 11. c4 Qc7 12. Qe2 Bf4 13. Be3 O-O 14. Rad1 h6
15. Bb1 Rfd8 16. h3 Rac8 17. a3 c5 18. dxc5 Bxe3 19. Qxe3 Qxc5 20. Qxc5 Nxc5
21. b4 Ncd7 22. Bd3 Kf8 23. Kf1 Nb6 24. c5 Nbd5 25. Bc4 Ke7 26. Ne5 Rc7 27. g3
a5 28. Rb1 axb4 29. axb4 Ra8 30. Rb3 Ra2 31. Re2 Ra4 32. Reb2 Ra1+ 33. Kg2 Rc8
34. Be2 Rc1 35. Bf3 Ra8 36. Nd3 Rca1 37. Ne5 R8a2 38. b5 Rxb2 39. Rxb2 Nd7 40.
Bxd5 exd5 41. Nd3 Ra3 42. Re2+ 1/2-1/2

[Event "7. Lovfalds EMT Mesterklassen 1993"]
[Site "Ringsted"]
[Date "1993.09.03"]
[Round "2"]
[White "Buhl, Poul"]
[Black "Ostergaard, Rasmus"]
[Result "1/2-1/2"]
[WhiteElo "2043"]
[BlackElo "1912"]
[PlyCount "81"]
[EventDate "1993.??.??"]

1. c4 Nf6 2. g3 e5 3. Nc3 d5 4. cxd5 Nxd5 5. Bg2 Nb6 6. Nf3 Nc6 7. O-O Be7 8.
d3 O-O 9. Bd2 Be6 10. Rc1 f6 11. Qc2 Nb4 12. Qb1 N4d5 13. Ne4 Qd7 14. d4 exd4
15. Nxd4 Bh3 16. Nc5 Bxc5 17. Rxc5 Bxg2 18. Kxg2 Rfe8 19. Rd1 Rad8 20. Rcc1 Qg4
21. e3 c6 22. f3 Qh5 23. e4 Nc7 24. Bf4 Nb5 25. g4 Qf7 26. Nxb5 cxb5 27. b3 Rc8
28. Qd3 a6 29. Qd4 Qe6 30. Be3 Rxc1 31. Rxc1 Nd5 32. Bd2 Ne7 33. Bf4 Nc6 34.
Qd5 Qxd5 35. exd5 Nb4 36. Rd1 Rd8 37. d6 Kf7 38. a3 Nc6 39. Be3 Ke6 40. Bc5 b6
41. Bxb6 1/2-1/2

[Event "7. Lovfalds EMT Mesterklassen 1993"]
[Site "Ringsted"]
[Date "1993.09.03"]
[Round "2"]
[White "Larsen, Soren Dyberg"]
[Black "Rasmussen, Per Arnt"]
[Result "1/2-1/2"]
[WhiteElo "1921"]
[BlackElo "2022"]
[PlyCount "106"]
[EventDate "1993.??.??"]

1. e4 c5 2. Nf3 Nc6 3. Nc3 g6 4. d4 cxd4 5. Nxd4 Bg7 6. Be3 Nf6 7. f3 O-O 8.
Qd2 d5 9. O-O-O dxe4 10. Nxc6 Qxd2+ 11. Rxd2 bxc6 12. Nxe4 Nxe4 13. fxe4 Be6
14. b3 a5 15. Kb1 a4 16. Bd4 Rfd8 17. Be3 Rxd2 18. Bxd2 axb3 19. cxb3 c5 20.
Bc1 Rb8 21. Kc2 Ra8 22. a3 Rb8 23. Bc4 Bxc4 24. bxc4 Bd4 25. Rf1 f6 26. Rf3 Kf7
27. Rb3 Ra8 28. Rb6 h5 29. Kb3 Bg1 30. h3 Rd8 31. a4 Ra8 32. Rb7 Ke6 33. Bf4
Bd4 34. Rb6+ Kd7 35. Rb7+ Ke6 36. Rb6+ Kd7 37. Rb7+ Kd8 38. Rb8+ Rxb8+ 39. Bxb8
Kc8 40. Bf4 Kb7 41. g4 hxg4 42. hxg4 e6 43. Kc2 Kb6 44. Bd2 Be5 45. Be1 f5 46.
gxf5 exf5 47. exf5 gxf5 48. Kd3 Bd4 49. Ke2 Bb2 50. Kf3 Be5 51. Bd2 Bc7 52. Be1
Ka6 53. Bd2 Be5 1/2-1/2

[Event "7. Lovfalds EMT Mesterklassen 1993"]
[Site "Ringsted"]
[Date "1993.09.03"]
[Round "2"]
[White "Arnkilde, Anders"]
[Black "Madsen, Hans Henrik"]
[Result "0-1"]
[WhiteElo "1992"]
[BlackElo "2107"]
[PlyCount "86"]
[EventDate "1993.??.??"]

1. e4 c5 2. Nc3 Nc6 3. g3 g6 4. Bg2 Bg7 5. f4 h5 6. Nf3 d6 7. d3 Bg4 8. h3 Bd7
9. O-O Qc8 10. Kh2 Nh6 11. Be3 Nd4 12. Bxd4 cxd4 13. Ne2 Qc5 14. c3 dxc3 15.
bxc3 O-O 16. Rb1 b5 17. Qd2 a5 18. Nfd4 e6 19. f5 Rfe8 20. f6 Bf8 21. Nb3 Qc7
22. Qg5 a4 23. Nbd4 Rab8 24. Nxb5 Qc5 25. Qxc5 dxc5 26. Na3 e5 27. Nc4 Be6 28.
Rfd1 Kh7 29. a3 Ng8 30. Ne3 Bb3 31. Rd2 Bh6 32. c4 Bxe3 33. Rdb2 Rbd8 34. Nc3
Bd4 35. Rxb3 axb3 36. Rxb3 Bxc3 37. Rxc3 Rb8 38. h4 Nxf6 39. Kh3 Ng4 40. Bf3
Nf2+ 41. Kg2 Rb2 42. Kf1 Reb8 43. Be2 Ng4 0-1

[Event "7. Lovfalds EMT Mesterklassen 1993"]
[Site "Ringsted"]
[Date "1993.09.03"]
[Round "2"]
[White "Lynge, Michael"]
[Black "Carstensen, Jacob"]
[Result "1-0"]
[WhiteElo "2093"]
[BlackElo "1949"]
[PlyCount "45"]
[EventDate "1993.??.??"]

1. d4 Nf6 2. c4 e6 3. Nc3 Bb4 4. Qc2 c5 5. dxc5 Bxc5 6. Nf3 Qb6 7. e3 Qc7 8. a3
a6 9. b4 Be7 10. Bb2 b6 11. Rc1 Bb7 12. Be2 O-O 13. h3 d6 14. O-O Nc6 15. Ng5
Ne5 16. f4 Nxc4 17. Nd1 Qc6 18. Bf3 Nxe3 19. Bxc6 Nxc2 20. Bxb7 Ra7 21. Bc6 Rc7
22. Ba4 Rfc8 23. Rf2 1-0

[Event "7. Lovfalds EMT Mesterklassen 1993"]
[Site "Ringsted"]
[Date "1993.09.03"]
[Round "2"]
[White "Knudsen, Ole"]
[Black "Nielsen, Max"]
[Result "1-0"]
[WhiteElo "1969"]
[BlackElo "2145"]
[PlyCount "101"]
[EventDate "1993.??.??"]

1. e4 e5 2. Nf3 Nc6 3. d4 exd4 4. Nxd4 Bc5 5. Be3 Qf6 6. c3 d6 7. g3 Nge7 8.
Bg2 Bb6 9. O-O h5 10. h4 Bg4 11. Qd2 Qg6 12. Na3 O-O-O 13. Nc4 Ne5 14. Nxb6+
axb6 15. f4 Nc4 16. Qf2 Nxe3 17. Qxe3 Bd7 18. a4 c5 19. Nb5 Bxb5 20. axb5 Kc7
21. c4 Qe6 22. Qd3 Ra8 23. Kh2 g6 24. e5 Rxa1 25. Rxa1 dxe5 26. Qe4 Rb8 27. Ra7
exf4 28. Qxf4+ Kc8 29. b3 f5 30. Qf3 Qd7 31. Ra1 Ng8 32. Rd1 Qe7 33. Qc3 Nf6
34. Re1 Ng4+ 35. Kg1 Qd7 36. Bd5 Kc7 37. Qf3 Re8 38. Qf4+ Kc8 39. Ra1 Qe7 40.
Ra8+ Kd7 41. Bc6+ bxc6 42. Ra7+ Kc8 43. Rxe7 Rxe7 44. Qd6 Re1+ 45. Kg2 Re2+ 46.
Kf1 Rc2 47. Qxc6+ Kb8 48. Qxb6+ Ka8 49. Qc6+ Kb8 50. Ke1 Ne3 51. Qe8+ 1-0

[Event "7. Lovfalds EMT Mesterklassen 1993"]
[Site "Ringsted"]
[Date "1993.09.10"]
[Round "3"]
[White "Jensen, Leif"]
[Black "Lynge, Michael"]
[Result "1/2-1/2"]
[WhiteElo "2061"]
[BlackElo "2093"]
[PlyCount "174"]
[EventDate "1993.??.??"]

1. e4 e6 2. d4 d5 3. Nd2 Nf6 4. e5 Nfd7 5. c3 c5 6. f4 Nc6 7. Ndf3 Qb6 8. Ne2
f6 9. Qb3 Qc7 10. g3 cxd4 11. cxd4 Bb4+ 12. Kf2 O-O 13. Kg2 fxe5 14. fxe5 Be7
15. Be3 Na5 16. Qc3 Nc4 17. Rc1 Bb4 18. Qd3 Qb6 19. b3 Rxf3 20. Kxf3 Ndxe5+ 21.
dxe5 Nxe5+ 22. Kg2 Nxd3 23. Rxc8+ Rxc8 24. Bxb6 axb6 25. Nd4 Ne1+ 26. Kh3 e5
27. Nb5 Rc2 28. a3 Bf8 29. b4 e4 30. Nd4 Rf2 31. Bb5 Nd3 32. Bd7 Rf6 33. Rb1
Kf7 34. Bc8 Ke7 35. Bxb7 Kd6 36. a4 Ke5 37. Nc6+ Rxc6 38. Bxc6 Nxb4 39. Bb5 d4
40. a5 bxa5 41. Ra1 d3 42. Rxa5 Kd4 43. Kg2 Nc2 44. Ra8 Bb4 45. Rd8+ Kc3 46.
Kf2 Bc5+ 47. Kf1 Bd4 48. Re8 e3 49. Bd7 e2+ 50. Rxe2 dxe2+ 51. Kxe2 Bf6 52. Kf3
h6 53. Bc8 Kd4 54. Bb7 Ne3 55. Ba6 Nf5 56. Bb5 Ke5 57. Ba6 Nd4+ 58. Kf2 Bd8 59.
Bb7 h5 60. Kg2 g5 61. Kf2 g4 62. Kg2 Kf5 63. Bd5 h4 64. gxh4 Bxh4 65. Bb7 Kf4
66. Bd5 Nf5 67. Bb7 Ne3+ 68. Kg1 Kg5 69. Bc6 Be1 70. Bb7 Kh4 71. Bc6 Kh3 72.
Kh1 Bb4 73. Bb7 Bd6 74. Bc6 Nf5 75. Bg2+ Kh4 76. Bb7 Ne3 77. Kg1 Kh3 78. Kh1
Bxh2 79. Bg2+ Kh4 80. Kxh2 Nxg2 81. Kxg2 g3 82. Kg1 Kg5 83. Kh1 Kg4 84. Kg2 Kf4
85. Kg1 Kf3 86. Kf1 g2+ 87. Kg1 Kg3 1/2-1/2

[Event "7. Lovfalds EMT Mesterklassen 1993"]
[Site "Ringsted"]
[Date "1993.09.10"]
[Round "3"]
[White "Ostergaard, Rasmus"]
[Black "Hansen, Hans Henrik"]
[Result "1-0"]
[WhiteElo "1912"]
[BlackElo "2104"]
[PlyCount "43"]
[EventDate "1993.??.??"]

1. e4 e5 2. Nf3 Nc6 3. Bb5 a6 4. Ba4 Nf6 5. d4 exd4 6. O-O Be7 7. Re1 O-O 8. e5
Nd5 9. Nxd4 Nxd4 10. Qxd4 Nb6 11. Bb3 d5 12. exd6 Bxd6 13. Bf4 Bxf4 14. Qxf4 c5
15. Nc3 Bd7 16. Rad1 Rc8 17. Nd5 Nxd5 18. Bxd5 Rc7 19. Qd6 Be6 20. Rxe6 Rd7 21.
Qe5 fxe6 22. Bxe6+ 1-0

[Event "7. Lovfalds EMT Mesterklassen 1993"]
[Site "Ringsted"]
[Date "1993.09.10"]
[Round "3"]
[White "Madsen, Hans Henrik"]
[Black "Rasmussen, Per Arnt"]
[Result "1-0"]
[WhiteElo "2107"]
[BlackElo "2022"]
[PlyCount "43"]
[EventDate "1993.??.??"]

1. d4 f5 2. Bg5 g6 3. g4 fxg4 4. h3 Bg7 5. c3 d5 6. Qd3 Nc6 7. hxg4 Bxg4 8. f3
Bf5 9. e4 Qd6 10. Ne2 dxe4 11. fxe4 Bd7 12. Nd2 b5 13. Bh3 e5 14. d5 Nf6 15.
Qxb5 Ne7 16. Qd3 O-O 17. Nc4 Bb5 18. Be6+ Kh8 19. Bxf6 Bxc4 20. Qh3 h5 21.
Qxh5+ gxh5 22. Rxh5# 1-0

[Event "7. Lovfalds EMT Mesterklassen 1993"]
[Site "Ringsted"]
[Date "1993.09.10"]
[Round "3"]
[White "Buhl, Poul"]
[Black "Carstensen, Jacob"]
[Result "1/2-1/2"]
[WhiteElo "2043"]
[BlackElo "1949"]
[PlyCount "55"]
[EventDate "1993.??.??"]

1. c4 e5 2. Nc3 Nc6 3. g3 g6 4. Bg2 Bg7 5. Nf3 d6 6. O-O Nge7 7. d3 O-O 8. Rb1
a5 9. a3 f5 10. Bd2 Nd4 11. b4 axb4 12. axb4 Nxf3+ 13. Bxf3 c6 14. Qb3 Be6 15.
b5 h6 16. bxc6 bxc6 17. Ra1 Rb8 18. Qc2 d5 19. cxd5 cxd5 20. Rab1 Qc7 21. Qc1
Rxb1 22. Nxb1 Qxc1 23. Rxc1 Rc8 24. e3 Rxc1+ 25. Bxc1 Nc6 26. Ba3 Bf8 27. Kf1
Bxa3 28. Nxa3 1/2-1/2

[Event "7. Lovfalds EMT Mesterklassen 1993"]
[Site "Ringsted"]
[Date "1993.09.10"]
[Round "3"]
[White "Nielsen, Max"]
[Black "Larsen, Soren Dyberg"]
[Result "1-0"]
[WhiteElo "2145"]
[BlackElo "1921"]
[PlyCount "79"]
[EventDate "1993.??.??"]

1. e4 e6 2. d4 d5 3. Nc3 Bb4 4. e5 c5 5. a3 Bxc3+ 6. bxc3 Qa5 7. Bd2 Ne7 8. Nf3
c4 9. g3 Nbc6 10. a4 Bd7 11. Bh3 Nf5 12. O-O Nce7 13. Qb1 Rb8 14. Ra2 h5 15.
Bg2 O-O 16. Qd1 Bxa4 17. Bc1 b5 18. Qd2 Qd8 19. Ba3 Re8 20. Qg5 g6 21. h3 Nc6
22. Qf4 Kg7 23. g4 hxg4 24. hxg4 Nh6 25. Bc1 Rh8 26. Qg3 Ng8 27. Ng5 Qd7 28. f4
Nce7 29. f5 Nh6 30. f6+ Kg8 31. fxe7 Qxe7 32. Qf4 Rb7 33. Rf3 Kg7 34. Rh3 a5
35. Rxh6 Rxh6 36. Nxe6+ Qxe6 37. Qxh6+ Kg8 38. Bg5 Qxg4 39. Bf6 Qd1+ 40. Kf2
1-0

[Event "7. Lovfalds EMT Mesterklassen 1993"]
[Site "Ringsted"]
[Date "1993.09.10"]
[Round "3"]
[White "Arnkilde, Anders"]
[Black "Knudsen, Ole"]
[Result "1-0"]
[WhiteElo "1992"]
[BlackElo "1969"]
[PlyCount "75"]
[EventDate "1993.??.??"]

1. e4 c5 2. Nc3 Nc6 3. g3 g6 4. Bg2 Bg7 5. f4 e6 6. d3 Nge7 7. Nf3 d5 8. O-O f5
9. exd5 exd5 10. Re1 O-O 11. Nb1 Qb6 12. c3 Bd7 13. Qb3 Qxb3 14. axb3 Rae8 15.
Bd2 Nc8 16. Ne5 Bxe5 17. Bxd5+ Be6 18. Bxc6 bxc6 19. fxe5 Bxb3 20. Bh6 Rf7 21.
Nd2 Bc2 22. d4 cxd4 23. cxd4 Rb7 24. Rec1 Bd3 25. Rxc6 Rxb2 26. Rc7 a6 27. Rg7+
Kh8 28. Rc1 Rc2 29. Rxc2 Bxc2 30. Rc7 Ba4 31. Nc4 Bb5 32. Ne3 Nb6 33. d5 Rc8
34. Rb7 Nc4 35. Nxc4 Bxc4 36. d6 Be6 37. Re7 Bg8 38. Bg7# 1-0

[Event "7. Lovfalds EMT Mesterklassen 1993"]
[Site "Ringsted"]
[Date "1993.09.17"]
[Round "4"]
[White "Lynge, Michael"]
[Black "Ostergaard, Rasmus"]
[Result "1/2-1/2"]
[WhiteElo "2093"]
[BlackElo "1912"]
[PlyCount "29"]
[EventDate "1993.??.??"]

1. d4 Nf6 2. c4 g6 3. Nc3 Bg7 4. e4 d6 5. f4 O-O 6. Nf3 Na6 7. Bd3 Bg4 8. h3
Bxf3 9. Qxf3 e5 10. Be3 Nd7 11. fxe5 c5 12. d5 Nxe5 13. Qe2 Nb4 14. Bb1 Qe7 15.
a3 1/2-1/2

[Event "7. Lovfalds EMT Mesterklassen 1993"]
[Site "Ringsted"]
[Date "1993.09.17"]
[Round "4"]
[White "Madsen, Hans Henrik"]
[Black "Jensen, Leif"]
[Result "0-1"]
[WhiteElo "2107"]
[BlackElo "2061"]
[PlyCount "121"]
[EventDate "1993.??.??"]

1. d4 d5 2. c4 c6 3. Nf3 Nf6 4. Nc3 e6 5. cxd5 exd5 6. Bg5 Be7 7. Qc2 O-O 8. e3
Nh5 9. Bxe7 Qxe7 10. Bd3 Nf6 11. O-O-O a5 12. Bf5 Bxf5 13. Qxf5 Nbd7 14. h4 Qe6
15. Qd3 h6 16. Kb1 Ne4 17. Qc2 Ndf6 18. Ne5 Nxc3+ 19. Qxc3 Qf5+ 20. Qc2 Qxc2+
21. Kxc2 Ne4 22. Nd3 Rfe8 23. g4 f6 24. Rhe1 Kf7 25. f3 Nd6 26. Nc5 Re7 27. Re2
a4 28. Rde1 Nb5 29. Kd2 b6 30. Nd3 Ke8 31. g5 hxg5 32. hxg5 Kd7 33. Nf4 Rf7 34.
Rg1 Rh8 35. Kd3 Kd6 36. gxf6 gxf6 37. e4 Rh4 38. e5+ fxe5 39. dxe5+ Kc7 40.
Ne6+ Kb8 41. Rg8+ Ka7 42. Ng5 Re7 43. e6 Kb7 44. Rf8 Nd6 45. f4 Re8 46. Rf6 Re7
47. Kd4 Kc7 48. Ke5 Rh5 49. Rg2 Nc4+ 50. Kd4 Nd6 51. b3 Rh1 52. Re2 Rd1+ 53.
Ke5 d4 54. Nf7 d3 55. Re3 d2 56. Nxd6 Re1 57. Rf7 Rxe3+ 58. Ne4 Rxe4+ 59. Kxe4
Kd6 60. f5 Rxf7 61. exf7 0-1

[Event "7. Lovfalds EMT Mesterklassen 1993"]
[Site "Ringsted"]
[Date "1993.09.17"]
[Round "4"]
[White "Carstensen, Jacob"]
[Black "Hansen, Hans Henrik"]
[Result "1/2-1/2"]
[WhiteElo "1949"]
[BlackElo "2104"]
[PlyCount "40"]
[EventDate "1993.??.??"]

1. d4 Nf6 2. c4 e6 3. Nc3 Bb4 4. Qc2 b6 5. Nf3 Bb7 6. g3 Be4 7. Qd1 O-O 8. Bd2
Bb7 9. Bg2 d6 10. O-O Nbd7 11. Nb5 Bxd2 12. Nxd2 Bxg2 13. Kxg2 e5 14. e3 Re8
15. Re1 a6 16. Nc3 Qb8 17. Qf3 Ra7 18. b4 Qa8 19. Qxa8 Raxa8 20. Nb3 Rab8
1/2-1/2

[Event "7. Lovfalds EMT Mesterklassen 1993"]
[Site "Ringsted"]
[Date "1993.09.17"]
[Round "4"]
[White "Nielsen, Max"]
[Black "Buhl, Poul"]
[Result "0-1"]
[WhiteElo "2145"]
[BlackElo "2043"]
[PlyCount "96"]
[EventDate "1993.??.??"]

1. e4 g6 2. d4 d6 3. Nc3 Bg7 4. f4 c6 5. Nf3 Nf6 6. Bd3 O-O 7. O-O Nbd7 8. Qe1
e5 9. dxe5 dxe5 10. Kh1 Qc7 11. Qh4 Nh5 12. f5 Bf6 13. Bg5 Qd8 14. g4 Bxg5 15.
Nxg5 h6 16. fxg6 Qxg5 17. Qxg5 hxg5 18. gxf7+ Rxf7 19. gxh5 Nb6 20. Rg1 Rg7 21.
Ne2 Be6 22. Ng3 Rf8 23. Raf1 Rxf1 24. Rxf1 Nd7 25. Nf5 Rh7 26. Rg1 Rxh5 27. Be2
Bxf5 28. exf5 Rh4 29. Rxg5+ Kf7 30. Rh5 Rd4 31. Rh7+ Kf6 32. h3 Nc5 33. Bg4 Rd2
34. b4 Nd7 35. Kg1 e4 36. Kf1 Ke5 37. Ke1 e3 38. f6 Nxf6 39. Rxb7 Rxc2 40. Rxa7
Nd5 41. Ra5 Kd4 42. Rc5 Rxa2 43. Kf1 Nxb4 44. Rc1 c5 45. h4 Nd3 46. Rc4+ Kxc4
47. Be6+ Kc3 48. Bxa2 Kd2 0-1

[Event "7. Lovfalds EMT Mesterklassen 1993"]
[Site "Ringsted"]
[Date "1993.09.17"]
[Round "4"]
[White "Rasmussen, Per Arnt"]
[Black "Knudsen, Ole"]
[Result "1/2-1/2"]
[WhiteElo "2022"]
[BlackElo "1969"]
[PlyCount "27"]
[EventDate "1993.??.??"]

1. e4 c5 2. Nc3 Nc6 3. Nf3 Nf6 4. d4 cxd4 5. Nxd4 e5 6. Ndb5 d6 7. Bg5 a6 8.
Na3 b5 9. Nd5 Qa5+ 10. Bd2 Qd8 11. Bg5 Qa5+ 12. Bd2 Qd8 13. Bg5 Qa5+ 14. Bd2
1/2-1/2

[Event "7. Lovfalds EMT Mesterklassen 1993"]
[Site "Ringsted"]
[Date "1993.09.17"]
[Round "4"]
[White "Larsen, Soren Dyberg"]
[Black "Arnkilde, Anders"]
[Result "0-1"]
[WhiteElo "1921"]
[BlackElo "1992"]
[PlyCount "58"]
[EventDate "1993.??.??"]

1. Nf3 Nf6 2. d4 d6 3. Bf4 c6 4. h3 Qb6 5. Qc1 Nbd7 6. e3 Ne4 7. Bd3 f5 8. O-O
Ndf6 9. c4 h6 10. Nfd2 g5 11. Bh2 Bd7 12. Bxe4 fxe4 13. Nc3 Bf5 14. a3 Qd8 15.
Qc2 Qd7 16. d5 Rc8 17. Qd1 cxd5 18. cxd5 Bg7 19. Nb3 O-O 20. Rc1 Bxh3 21. gxh3
Qxh3 22. f3 g4 23. Qe1 exf3 24. Qg3 Qh5 25. Rcd1 Rxc3 26. bxc3 Ne4 27. Qe1 f2+
28. Rxf2 Rxf2 29. Bf4 Qh3 0-1

[Event "7. Lovfalds EMT Mesterklassen 1993"]
[Site "Ringsted"]
[Date "1993.09.24"]
[Round "5"]
[White "Jensen, Leif"]
[Black "Ostergaard, Rasmus"]
[Result "1/2-1/2"]
[WhiteElo "2061"]
[BlackElo "1912"]
[PlyCount "36"]
[EventDate "1993.??.??"]

1. e4 e5 2. Nc3 Nf6 3. f4 d5 4. fxe5 Nxe4 5. Nf3 Be7 6. d4 Nc6 7. Bb5 O-O 8.
Ne2 f6 9. exf6 Bxf6 10. O-O Ne7 11. c3 Bf5 12. Bd3 Qd7 13. Bf4 Ng6 14. Qc2 Rae8
15. Rae1 Nd6 16. Bxd6 Bxd3 17. Qxd3 Qxd6 18. Ng3 c6 1/2-1/2

[Event "7. Lovfalds EMT Mesterklassen 1993"]
[Site "Ringsted"]
[Date "1993.09.24"]
[Round "5"]
[White "Buhl, Poul"]
[Black "Lynge, Michael"]
[Result "1/2-1/2"]
[WhiteElo "2043"]
[BlackElo "2093"]
[PlyCount "82"]
[EventDate "1993.??.??"]

1. c4 e5 2. Nc3 Nf6 3. g3 Bb4 4. Nd5 Nxd5 5. cxd5 O-O 6. Bg2 d6 7. a3 Bc5 8. e3
c6 9. b4 Bb6 10. Ne2 cxd5 11. Bxd5 Nc6 12. O-O Bh3 13. Re1 Qd7 14. Bb2 Be6 15.
Bg2 Bg4 16. Qa4 Rfd8 17. Nc3 Ne7 18. Qxd7 Rxd7 19. Na4 Bd8 20. d4 f6 21. h3 Be6
22. dxe5 fxe5 23. Rac1 Bb3 24. Nc3 d5 25. Ne2 Ng6 26. h4 Bf6 27. Bh3 Re7 28.
Kh2 Rd8 29. Bf1 d4 30. exd4 exd4 31. Nf4 Rxe1 32. Rxe1 Nxf4 33. gxf4 d3 34.
Bxf6 gxf6 35. Re7 d2 36. Be2 d1=Q 37. Bxd1 Rxd1 38. Rxb7 Bd5 39. Rxa7 Rh1+ 40.
Kg3 Rg1+ 41. Kh3 f5 1/2-1/2

[Event "7. Lovfalds EMT Mesterklassen 1993"]
[Site "Ringsted"]
[Date "1993.09.24"]
[Round "5"]
[White "Hansen, Hans Henrik"]
[Black "Madsen, Hans Henrik"]
[Result "1-0"]
[WhiteElo "2104"]
[BlackElo "2107"]
[PlyCount "135"]
[EventDate "1993.??.??"]

1. e4 c5 2. c3 e5 3. Nf3 Nc6 4. Bc4 Nf6 5. Ng5 d5 6. exd5 Nxd5 7. d4 Be7 8.
dxc5 Bxg5 9. Bxg5 Qxg5 10. Bxd5 O-O 11. Nd2 Bg4 12. Bf3 Be6 13. Ne4 Qg6 14. O-O
f5 15. Bh5 Qh6 16. Nd6 b6 17. b4 bxc5 18. bxc5 e4 19. Be2 Rf6 20. Re1 Rg6 21.
Qc1 Qh3 22. Bf1 Ne5 23. Re3 Nf3+ 24. Rxf3 Qxf3 25. Qd2 Qh5 26. Rb1 f4 27. Nxe4
f3 28. g3 Qf5 29. Re1 Bf7 30. Qd4 Qd5 31. Qe3 Re6 32. Qxf3 Rae8 33. Bd3 Qe5 34.
Re3 Qb8 35. Kg2 Re5 36. Qe2 Bd5 37. f3 Qc7 38. f4 R5e7 39. Kf3 Bxe4+ 40. Bxe4
Qxc5 41. Qd3 Kh8 42. h4 Qa3 43. Qc2 Qa6 44. c4 Qc8 45. f5 Qc5 46. Qc3 Re5 47.
Qd3 a5 48. g4 a4 49. g5 a3 50. h5 Qe7 51. Kf4 h6 52. gxh6 Qh4+ 53. Kf3 Qh3+ 54.
Kf4 Rxe4+ 55. Rxe4 Qxd3 56. Rxe8+ Kh7 57. hxg7 Qxc4+ 58. Kg5 Qc1+ 59. Kf6 Qh6+
60. Kf7 Qxh5+ 61. Ke7 Qe2+ 62. Kf8 Qxa2 63. f6 Qg8+ 64. Ke7 a2 65. Rxg8 Kxg8
66. f7+ Kxg7 67. f8=Q+ Kg6 68. Qa8 1-0